01562cam a22003373a 45000010005000000030006000050050017000110080041000280100017000690200022000860200018001080350023001260400030001490420014001790500012001930820008002051000025002132450089002382500048003272600035003753000040004104900038004505050007004885200574004955210018010695210019010876500028011066550028011346550030011627000032011923096FISKH20250409112132.0040428s2004 nyua j 000 1 eng d a 2004596604 a0439557178 (pbk.) a9780439557177 a(OCoLC)ocm55042600 aXWScXWSdOCLCQdDLCbeng alccopycat aPZ7.T3  a8131 aThaler, Mike,d1936-14aThe science fair from the Black Lagoon /cby Mike Thaler ; illustrated by Jared Lee. aThis edition first printing, January 2009.  aNew York :bScholastic,c2004. a64 pages :billustrations ;c20 cm.0 aBlack Lagoon adventures ;vBook 4 aQ  aMean Mrs. Green says that everyone has to invent something for the school science fair. But everyone would rather invent a way to get out of it! Hubie can't decide on what he's going to do. He thinks all the good inventions have been done already. And all of his friends have figured out what they are going to do. He tries to decide between cloning himself or building a laugh machine. After a bad dream about cloning, he decides to build a laugh machine. After many tries, he makes himself into a human laugh machine and wins a special prize for "Silliest Invention."8 a670 bLexile 8 aQ bRaz-Plus  0aScience fairsvFiction. 7aFantasy fiction.2gsafd 7aAdventure fiction.2gsafd1 aLee, Jared D.eillustrator